|
|
|
|
| LEADER |
00591cam a2200181 7i4500 |
| 001 |
0000019287 |
| 005 |
20070524090000.0 |
| 020 |
0 |
0 |
|a 983-872-008-9
|
| 090 |
0 |
0 |
|a M 574.9595122
|b RID
|
| 100 |
1 |
0 |
|a Ridzwan Abdul Rahman
|
| 245 |
1 |
0 |
|a Pulau Redang Marine Park :
|b Malaysia.
|
| 260 |
0 |
0 |
|a Kuala Lumpur:
|b Design Dimension,
|c 1996.
|
| 300 |
# |
# |
|a 128 p.
|
| 650 |
0 |
0 |
|a Pulau Redang Marine Park [Trengganu]
|
| 650 |
0 |
0 |
|a Marine parks and reserve --
|x Redang Island --
|z Trengganu
|
| 651 |
0 |
0 |
|a Malaysia
|
| 700 |
1 |
1 |
|a Sharifah Nora Syed Ibrahim
|
| 999 |
|
|
|a 0000020128
|b Book
|c Malaysia
|e Business Information Centre
|